000 00597nam a2200181Ia 4500
008 090124s9999 xx 000 0 und d
082 _b19639
100 _aआपटे हरि नारायण
245 _a कसे दिवस गेले
250 _a2
260 _bअनंत विनायक पटवर्धन
_c1928
300 _a88
600 _aआपटे हरि नारायण
630 _a कसे दिवस गेले
700 _aआपटे हरि नारायण
730 _a कसे दिवस गेले
942 _cBOOK
999 _c90540
_d90540